Get the Picture: Literary Cats and Dogs Quiz Stats

 Plays Quiz Updated Jun 20, 2019

Score 0/16 Timer 05:00
2 Plays Today
Question Answer Wrong Answers
Once upon a time there were three little ____, and their names were Mittens, Tom ____, and Moppet. They had dear little fur coats of their own; and they tumbled about the doorstep and played in the dust.
(Beatrix Potter, The Tale of Tom ___)
Kittens
94.9%
Puppies
1.6%
We looked! Then we saw him step in on the mat! We looked! And we saw him! The ___ in the Hat!
(Dr. Seuss, The ___ in the Hat)
Cat
94.8%
Dog
1.2%
It would perhaps not be amiss to point out that he had always tried to be a good ___. He had tried to do all the things his MAN and his WOMAN, and most of all his BOY, had asked or expected of him.
(Stephen King, Cujo)
Dog
93.8%
Cat
2.2%
'He is my ___, Toto,' answered Dorothy. 'Is he made of tin, or stuffed?' asked the Lion. 'Neither. He's a-- a-- a meat ___,' said the girl.
(L. Frank Baum, The Wonderful Wizard of Oz)
Dog
93.6%
Cat
2.8%
This ecstasy, this forgetfulness of living, (...) came to Buck, leading the pack, sounding the old wolf-cry, straining after the food that was alive and that fled swiftly before him through the moonlight.
(Jack London, The Call of the Wild)
Dog
93.2%
Cat
2.9%
All ____ dream wolf dreams, and know they're dreaming of biting their Maker. Every ___ knows, deep in his heart, that he is a Bad ___.
(Terry Pratchett, Men at Arms)
Dogs
92.3%
Cats
3.8%
Ron buckled as something huge and orange came soaring from the top of the highest cage, landed on his head and then propelled itself, spitting madly, at Scabbers.
(J.K. Rowling, Harry Potter and the Prisoner of Azkaban)
Cat
91.9%
Dog
4.4%
'Whoever heard of ___ doing anything useful!' 'Except for staring at one in a supercilious manner, (...) making one feel uncomfortable and encouraging sober reflection upon one's imperfections.'
(Susannah Clarke, Jonathan Strange & Mr. Norrell)
Cats
91.4%
Dogs
4.4%
I remember like yesterday how he strayed in out of nowhere to our log cabin (...) He made me so mad at first that I wanted to kill him. Then, later, when I had to kill him, it was like having to shoot some of my own folks.
(F. Gipson, Old Yeller)
Dog
90%
Cat
6%
The only things in the kitchen that did not sneeze were the cook and a large ___ which was sitting on the hearth and grinning from ear to ear.
(Lewis Carroll, Alice's Adventures in Wonderland)
Cat
89.8%
Dog
6.5%
The ___ always dies. Go to the library and pick out a book with an award sticker and a ___ on the cover. Trust me, that ___ is going down.
(Gordon Korman, No More Dead ____)
Dog
84.9%
Cat
11.3%
'What do you think? This ought to be the right kind of place for a tough guy like you. Garbage cans. Rats galore. Plenty of ___-bums to gang around with. So scram,’ she said, dropping him.
(Truman Capote, Breakfast at Tiffany's)
Cat
84.7%
Dog
11.7%
Whereas owners of _____ are compelled to realize that, if you provide them with food and water and shelter and affection, they draw the conclusion that they are gods.
(Christopher Hitchens, The Portable Atheist)
Cats
84.3%
Dogs
11.9%
But I tell you, a ___ needs a name that's particular, / A name that's peculiar, and more dignified, / Else how can he keep up his tail perpendicular, / Or spread out his whiskers, or cherish his pride?
(T.S. Eliot, The Naming of ____)
Cat
82.4%
Dog
13.7%
I like ____. You always know what a ___ is thinking. It has four moods. Happy, sad, cross and concentrating. Also, ____ are faithful and they do not tell lies because they cannot talk.
(M. Haddon, The Curious Incident of the __ in the Night-Time)
Dogs
81.3%
Cats
14.7%
Owners of _____ will have noticed that, if you provide them with food and water and shelter and affection, they will think you are god.
(Christopher Hitchens, The Portable Atheist)
Dogs
76%
Cats
20.1%

Today's Daily Dose

Missing Word
Video Games (A-Z)

Get the Picture
Tom Hanks

You're not logged in!

Compare scores with friends on all Sporcle quizzes.
OR
Log In

Sporcle TV

Today on Sporcle TV


Watch our educational content, quiz creation guides, and fun videos on Sporcle TV.

Show Comments

Extras

Top Quizzes Today


Score Distribution

Your Account Isn't Verified!

In order to create a playlist on Sporcle, you need to verify the email address you used during registration. Go to your Sporcle Settings to finish the process.

Report this User

Report this user for behavior that violates our Community Guidelines.

Details: